ბათუმის შოთა რუსთაველის სახელმწიფო უნივერსიტეტის ბიბლიოთეკა

Antenna Physics: An Introduction (ბიბ.ჩანაწერი № 54341)

000 -LEADER
fixed length control field 00589nam a2200241Ia 4500
001 - CONTROL NUMBER
control field 21397
003 - CONTROL NUMBER IDENTIFIER
control field GE_BSU
008 - FIXED-LENGTH DATA ELEMENTS--GENERAL INFORMATION
fixed length control field 181216s||||||||xx |||||||||||||| ||und||
020 ## - INTERNATIONAL STANDARD BOOK NUMBER
International Standard Book Number 9781625950499
040 ## - CATALOGING SOURCE
Transcribing agency GE_BSU
080 ## - UNIVERSAL DECIMAL CLASSIFICATION NUMBER
Universal Decimal Classification number 53+621.03
100 ## - MAIN ENTRY--PERSONAL NAME
Personal name Zavrel, Jr. Robert J. W7SX
245 ## - TITLE STATEMENT
Title Antenna Physics: An Introduction
250 ## - EDITION STATEMENT
Edition statement First edition
260 ## - PUBLICATION, DISTRIBUTION, ETC.
Place of publication, distribution, etc. United States
260 ## - PUBLICATION, DISTRIBUTION, ETC.
Date of publication, distribution, etc. 2016
300 ## - PHYSICAL DESCRIPTION
Extent 160 p. 28 cm. ill.
653 ## - INDEX TERM--UNCONTROLLED
Uncontrolled term Antenna Physics: An Introduction
653 ## - INDEX TERM--UNCONTROLLED
Uncontrolled term Физика
653 ## - INDEX TERM--UNCONTROLLED
Uncontrolled term ფიზიკა
942 ## - ADDED ENTRY ELEMENTS (KOHA)
Koha item type წიგნი
ეგზემპლარები
Withdrawn status Lost status Source of classification or shelving scheme Damaged status Not for loan Permanent Location Current Location Date acquired Cost, normal purchase price Full call number Barcode Date last seen Copy number Price effective from Koha item type Public note
          ბათუმის შოთა რუსთაველის სახელმწიფო უნივერსიტეტის მთავარი ბიბლიოთეკა ბათუმის შოთა რუსთაველის სახელმწიფო უნივერსიტეტის მთავარი ბიბლიოთეკა 2018-12-17 90.00 53+621.03 Z-39 55361 2018-12-17 55361 2018-12-17 წიგნი 90.00 GEL.